<?xml version="1.0" encoding="UTF-8"?>
<record
    xmlns:xsi="http://www.w3.org/2001/XMLSchema-instance"
    xsi:schemaLocation="http://www.loc.gov/MARC21/slim http://www.loc.gov/standards/marcxml/schema/MARC21slim.xsd"
    xmlns="http://www.loc.gov/MARC21/slim">

  <leader>02114nam a2200361 i 4500</leader>
  <controlfield tag="001">180974</controlfield>
  <controlfield tag="003">ES-MaACL</controlfield>
  <controlfield tag="005">20240317063007.0</controlfield>
  <controlfield tag="008">120921s2011    sp           |||| | spa d</controlfield>
  <datafield tag="017" ind1=" " ind2=" ">
    <subfield code="a">SE 4566-2011 </subfield>
    <subfield code="b">Oficina Dep&#xF3;sito Legal Sevilla</subfield>
  </datafield>
  <datafield tag="020" ind1=" " ind2=" ">
    <subfield code="a">9788415335030</subfield>
  </datafield>
  <datafield tag="040" ind1=" " ind2=" ">
    <subfield code="c">ES-MaACL</subfield>
  </datafield>
  <datafield tag="080" ind1=" " ind2=" ">
    <subfield code="a">821.134.2-31"19"</subfield>
  </datafield>
  <datafield tag="080" ind1=" " ind2=" ">
    <subfield code="a">929 Zendal, Isabel (0:82)</subfield>
  </datafield>
  <datafield tag="100" ind1="1" ind2=" ">
    <subfield code="a">Arias Bautista, Mar&#xED;a Teresa</subfield>
    <subfield code="9">146469</subfield>
    <subfield code="e">aut</subfield>
  </datafield>
  <datafield tag="245" ind1="1" ind2="3">
    <subfield code="a">La aventura ultramarina de Isabel Sendales / </subfield>
    <subfield code="c">Mar&#xED;a Teresa Arias Bautista.</subfield>
  </datafield>
  <datafield tag="250" ind1=" " ind2=" ">
    <subfield code="a">1&#xAA; ed. en Palabras dobladas.</subfield>
  </datafield>
  <datafield tag="260" ind1=" " ind2=" ">
    <subfield code="a">[Sevilla] : </subfield>
    <subfield code="b">ArCiBel, </subfield>
    <subfield code="c">2011.</subfield>
  </datafield>
  <datafield tag="300" ind1=" " ind2=" ">
    <subfield code="a">622 p&#xE1;ginas ; </subfield>
    <subfield code="c">22 cm.</subfield>
  </datafield>
  <datafield tag="490" ind1="1" ind2=" ">
    <subfield code="a">Palabras dobladas</subfield>
  </datafield>
  <datafield tag="504" ind1=" " ind2=" ">
    <subfield code="a">Bibliograf&#xED;a: p. 615-622.</subfield>
  </datafield>
  <datafield tag="520" ind1=" " ind2=" ">
    <subfield code="a">La Real Expedici&#xF3;n Filantr&#xF3;pica de la Vacuna, auspiciada por Carlos IV, puede ser considerada la primera misi&#xF3;n humanitaria de la historia. Con ser este un hecho de relevancia extrema, apenas tenemos noticias de sus int&#xE9;rpretes. Isabel Sendales, protagonista de esta novela, fue la rectora de la casa coru&#xF1;esa de exp&#xF3;sitos de la que salieron los ni&#xF1;os vacun&#xED;feros hacia el otro lado del mar. Agregada a la expedici&#xF3;n en el &#xFA;ltimo momento como enfermera -primera mujer espa&#xF1;ola que recibi&#xF3; tal t&#xED;tulo y sueldo-, permaneci&#xF3; durante 7 a&#xF1;os al cuidado de los sucesivos grupos de chiquillos que fueron necesarios para poder dar cumplimiento al compromiso de Espa&#xF1;a con sus colonias: erradicar un mal que, si no produc&#xED;a la muerte, dejaba sobre sus v&#xED;ctimas unas indelebles y terribles marcas</subfield>
  </datafield>
  <datafield tag="600" ind1="1" ind2="4">
    <subfield code="a">Zendal, Isabel-</subfield>
    <subfield code="v">Novelas</subfield>
    <subfield code="9">174266</subfield>
  </datafield>
  <datafield tag="600" ind1="1" ind2="4">
    <subfield code="a">Balmis, Francisco Javier.</subfield>
    <subfield code="9">25099</subfield>
  </datafield>
  <datafield tag="611" ind1="2" ind2="4">
    <subfield code="a">Expedici&#xF3;n Mar&#xED;tima de la Vacuna (. </subfield>
    <subfield code="d">1803-1810)</subfield>
    <subfield code="9">162901</subfield>
  </datafield>
  <datafield tag="650" ind1=" " ind2="4">
    <subfield code="a">Viruela-</subfield>
    <subfield code="x">Vacunaci&#xF3;n-</subfield>
    <subfield code="v">Historia.</subfield>
    <subfield code="9">17831</subfield>
  </datafield>
  <datafield tag="830" ind1=" " ind2=" ">
    <subfield code="a">Palabras dobladas</subfield>
    <subfield code="9">191391</subfield>
  </datafield>
  <datafield tag="852" ind1="4" ind2=" ">
    <subfield code="a">ES-MaACL</subfield>
    <subfield code="b">R.148273</subfield>
    <subfield code="c">DEPO1</subfield>
    <subfield code="d">Olim: N-5202</subfield>
    <subfield code="h">Donaci&#xF3;n: Mar&#xED;a Teresa Arias Bautista</subfield>
    <subfield code="j">A-12197</subfield>
    <subfield code="9">187855</subfield>
  </datafield>
  <datafield tag="903" ind1=" " ind2=" ">
    <subfield code="a">Arias Bautista, Mar&#xED;a Teresa</subfield>
    <subfield code="e">dnr</subfield>
    <subfield code="9">146469</subfield>
  </datafield>
  <datafield tag="942" ind1=" " ind2=" ">
    <subfield code="c">MONOGRAFIA</subfield>
    <subfield code="n">0</subfield>
  </datafield>
  <datafield tag="999" ind1=" " ind2=" ">
    <subfield code="c">180974</subfield>
    <subfield code="d">180974</subfield>
  </datafield>
  <datafield tag="952" ind1=" " ind2=" ">
    <subfield code="0">0</subfield>
    <subfield code="1">0</subfield>
    <subfield code="2">udc</subfield>
    <subfield code="4">0</subfield>
    <subfield code="7">0</subfield>
    <subfield code="a">ATENEOM</subfield>
    <subfield code="b">ATENEOM</subfield>
    <subfield code="c">DEPO1</subfield>
    <subfield code="d">2012-09-21</subfield>
    <subfield code="e">DONACION</subfield>
    <subfield code="j">1</subfield>
    <subfield code="l">0</subfield>
    <subfield code="o">N-5202</subfield>
    <subfield code="p">1190178</subfield>
    <subfield code="r">2023-02-23 00:00:00</subfield>
    <subfield code="y">MONOGRAFIA</subfield>
  </datafield>
</record>
